header

Realism and space in the novel, 1795-1869 (Record no. 52316)

MARC details
000 -LEADER
fixed length control field 01320nam a2200337 a 4500
082 04 - DEWEY DECIMAL CLASSIFICATION NUMBER
Classification number 809.3/034
100 1# - MAIN ENTRY--AUTHOR NAME
Personal name Mucignat, Rosa.
245 10 - TITLE STATEMENT
Title Realism and space in the novel, 1795-1869
260 ## - PUBLICATION, DISTRIBUTION, ETC. (IMPRINT)
Place of publication Burlington, Vt. :
Name of publisher Ashgate,
Year of publication 2013.
300 ## - PHYSICAL DESCRIPTION
Number of Pages 181 p.
650 #0 - SUBJECT ADDED ENTRY--TOPICAL TERM
Topical Term Fiction
Topical Term Realism in literature.
Topical Term Space and time in literature.
Topical Term Geography in literature.
856 40 - ELECTRONIC LOCATION AND ACCESS
Uniform Resource Identifier http://site.ebrary.com/lib/rucke/Doc?id=10632237

No items available.

© 2026 Rongo University
Contact us: librarian | system librarian | Rongo university